| 000 | 00380nam a2200157Ia 4500 | ||
|---|---|---|---|
| 003 | OSt | ||
| 008 | 191201s2012 xx 000 0 und d | ||
| 082 |
_a620.112 _bTIE |
||
| 100 | _aTIMOSHENKO, SP | ||
| 245 | 0 | _aElements of Strength of Materials | |
| 250 | _aRep | ||
| 260 |
_aNew Delhi _bEast West Press Pvt Ltd _c2012 |
||
| 300 | _a375 | ||
| 650 | _aB.Tech(CE) | ||
| 942 |
_2ddc _cBK |
||
| 999 |
_c5533 _d5533 |
||